000 00722nam a2200289Ia 4500
001 1657
003 IT-RoPAU
008 130308s9999 xx 000 0 und d
040 _aIT-RoPAU
040 _cIT-RoPAU
041 _aTEDESCO
100 _aPiper Klaus
100 _gCodice Aut. SPICS: 10357
245 _aZum Geleit
245 _bBucherwelt-Erinnerungen Eines Verlegers
250 _a1a ed.
260 _aMUNCHEN
260 _bPiper
260 _c1979 [1° Ed.:1979 - Ed.Ling.Originale:1979]
300 _a"6 p. (prefazione: no ; testo: 6 [pagine: 7-12])"
650 _aSAGGI SULL'EDITORIA
650 _eCodice materia Spics: 6611
942 _cBK
957 _71
999 _c49595
_d49595
999 _bSI
999 _g1